Kalendár našej dediny na rok ...

Bibliographic Details
Format: Serial
Language:Slovak
PhysicalDescription:15 zv.
Published: Bratislava Ústredná rada družstiev 1957-[1971]
Subjects:

MARC

LEADER 00000cas a2200000 a 4500
001 vtls001357560
003 SK-MaSNL
005 20260228155738.0
008 160628d19581971xo ar 5 0 0b0slo
035 |a SNK000311059 
040 |a SNK  |b slo  |c SNK  |e AACR2 
041 0 |a slo 
044 |a xo  |c SK 
072 7 |a 316.33  |x Ekonomická sociológia. Sociológia inštitúcií, ľudských sídiel a komunít  |2 konspekt 
072 7 |a 050  |x Seriálové publikácie. Periodiká  |2 konspekt 
080 |a 050  |2 2011 
080 |a 316.334.55  |2 2011 
080 |a (059)  |2 2011 
245 0 0 |a Kalendár našej dediny  |b na rok ... 
260 |a Bratislava  |b Ústredná rada družstiev  |c 1957-[1971] 
300 |a 15 zv. 
310 |a 1x ročne 
362 0 |a 1958-[1972]  |z Bg Kipsová/1984 ; SKP 
500 |a Súčasťou názvových údajov je označenie roka 
650 0 7 |a vidiek  |2 SNKPH  |9 3814 
655 7 |a textové kalendáre  |2 SNKPH  |9 60816 
910 |a snk 
999 |c 405  |d 405 
952 |0 0  |1 0  |4 0  |7 0  |8 3  |a SNK  |b SNK  |d 1999-03-11  |g 1.33  |i snkK 500/99  |l 0  |o snkČSC 1357/1959 D1  |p 17A0183587  |r 2005-01-02 00:00:00  |w 2026-02-21  |y PREZ